Statistics for Countries With the Lowest HDI 2021

Click here to take the quiz!

General Stats

  • This quiz has been taken 26 times
  • The average score is 16 of 20

Answer Stats

HDIAnswer% Correct
0.394Chad
96%
0.400Niger
96%
0.404Central African Republic
92%
0.385South Sudan
92%
0.508Sudan
92%
0.426Burundi
88%
0.492Eritrea
88%
0.479D.R. Congo
83%
0.465Guinea
83%
0.428Mali
83%
0.478Afghanistan
79%
0.483Guinea-Bissau
79%
0.481Liberia
79%
0.446Mozambique
79%
0.449Burkina Faso
75%
0.498Ethiopia
75%
0.477Sierra Leone
75%
0.455Yemen
75%
0.500Gambia
71%
0.501Madagascar
58%

Score Distribution

Percentile by Number Answered

Percent of People with Each Score

Your Score History

You have not taken this quiz